| 000 | 00491nam a2200181Ia 4500 | ||
|---|---|---|---|
| 001 | 5228 | ||
| 005 | 20260306145853.0 | ||
| 008 | 260306t2019||||xx |||||||||||||| ||spa|| | ||
| 041 | _aESP | ||
| 082 |
_a338.20985 _bN86 |
||
| 100 |
_aNovais, Luis, _eAUT |
||
| 245 | 0 |
_aCampesinos y mineros : _buna reflexión sobre las causas de conflictividad social minera en el Perú |
|
| 260 | _c2019 | ||
| 300 |
_a163 páginas : _c21 cm. |
||
| 650 | _aGEN | ||
| 654 | _aCAN | ||
| 942 |
_cLIB _dJUS _fJUS _2ddc _n |
||
| 999 |
_c5228 _d5228 |
||